[Event "GER-ch U12"]
[Site "Willingen"]
[Date "2023.06.02"]
[Round "8"]
[White "Spielvogel, Oliver"]
[Black "Lehmann, Anton"]
[Result "0-1"]
[WhiteElo "1304"]
[BlackElo "1285"]
[PlyCount "90"]
[EventDate "2023.05.27"]
[EventType "swiss"]
[EventRounds "9"]
[EventCountry "GER"]
[SourceTitle "CBM 214 Extra"]
[Source "ChessBase"]
[SourceDate "2023.07.31"]
[SourceVersion "1"]
[SourceVersionDate "2023.07.31"]
[SourceQuality "1"]

1. d4 Nf6 2. Nf3 e6 3. e3 d5 4. b3 c5 5. Bb2 Nc6 6. Bd3 Bd6 7. 0-0 0-0 8. Ne5 Qc7 9. f4 Ne4 10. Nd2 f5 11. a3 Nxe5 12. dxe5 Be7 13. Nxe4 fxe4 14. Be2 Bd7 15. c4 dxc4 16. Bxc4 b5 17. Be2 Rad8 18. Qc2 Bc6 19. Rfd1 Qb6 20. Bg4 Bd5 21. Re1 b4 22. axb4 Qxb4 23. Qc3 Qxb3 24. Qxb3 Bxb3 25. Rxa7 Rf7 26. Rb1 Bd5 27. Ba3 Bf8 28. Rxf7 Kxf7 29. Rc1 c4 30. Bxf8 Kxf8 31. Be2 Rc8 32. Kf1 c3 33. Ke1 Bb3 34. Bd1 c2 35. Be2 Rd8 36. g3 Rd5 37. Ra1 Ke7 38. Ra7+ Kd8 39. Ra1 Kc7 40. Rc1 Rd8 41. Ra1 Kb6 42. h3 Kc5 43. Ra5+ Kb4 44. Rb5+ Kc3 45. Rc5+ Kb2 0-1

[Event "GER-ch U12"]
[Site "Willingen"]
[Date "2023.05.31"]
[Round "6"]
[White "Lupei, Denis"]
[Black "Lehmann, Anton"]
[Result "1/2-1/2"]
[WhiteElo "1374"]
[BlackElo "1285"]
[PlyCount "102"]
[EventDate "2023.05.27"]
[EventType "swiss"]
[EventRounds "9"]
[EventCountry "GER"]
[SourceTitle "CBM 214 Extra"]
[Source "ChessBase"]
[SourceDate "2023.07.31"]
[SourceVersion "1"]
[SourceVersionDate "2023.07.31"]
[SourceQuality "1"]

1. e4 e5 2. Nf3 Nc6 3. Bc4 Nf6 4. d3 Bc5 5. c3 h6 6. Nbd2 d6 7. 0-0 g5 8. b4 Bb6 9. Qb3 Qe7 10. a4 a6 11. Bb2 Be6 12. a5 Ba7 13. b5 axb5 14. Bxe6 Qxe6 15. Qxb5 d5 16. exd5 Qxd5 17. Qxd5 Nxd5 18. c4 Nf4 19. Nxe5 Nxe5 20. Bxe5 Rg8 21. Ne4 0-0-0 22. Nf6 Rg6 23. Bxf4 Rxf6 24. Be3 Bxe3 25. fxe3 Rxf1+ 26. Rxf1 Rxd3 27. Rxf7 Rxe3 28. Rf6 Rc3 29. a6 bxa6 30. Rxa6 Rxc4 31. Rxh6 Rc1+ 32. Kf2 Rd1 33. Kg3 Kb7 34. Kg4 Rd5 35. Rh5 c5 36. Rxg5 Rd4+ 37. Kf3 Kb6 38. Ke2 c4 39. Rg8 Kc7 40. Rg3 Rh4 41. h3 Kd6 42. Kd2 Kd5 43. Kc3 Kc5 44. Rg5+ Kd6 45. Rf5 Kc6 46. Rf3 Kd5 47. Re3 Rh8 48. g4 Ra8 49. h4 Ra3+ 50. Kd2 Ra2+ 51. Kc1 Rh2 1/2-1/2

[Event "GER-ch U12"]
[Site "Willingen"]
[Date "2023.05.30"]
[Round "4"]
[White "Lehmann, Anton"]
[Black "Greive, Jakob"]
[Result "0-1"]
[WhiteElo "1285"]
[BlackElo "1551"]
[PlyCount "88"]
[EventDate "2023.05.27"]
[EventType "swiss"]
[EventRounds "9"]
[EventCountry "GER"]
[SourceTitle "CBM 214 Extra"]
[Source "ChessBase"]
[SourceDate "2023.07.31"]
[SourceVersion "1"]
[SourceVersionDate "2023.07.31"]
[SourceQuality "1"]

1. e4 e5 2. Nf3 Nc6 3. d4 exd4 4. c3 d5 5. exd5 Qxd5 6. cxd4 Bg4 7. Be2 0-0-0 8. Nc3 Qd7 9. d5 Nce7 10. Ne5 Bxe2 11. Qxe2 Qf5 12. g4 Qf6 13. Bg5 Qxg5 14. Nxf7 Qf6 15. Qe6+ Rd7 16. Nxh8 Nxd5 17. Qxf6 Ngxf6 18. Nxd5 Nxd5 19. 0-0-0 c6 20. Rhe1 Kd8 21. a3 g5 22. Rd2 Bg7 23. Rde2 Nc7 24. Rd2 Bxh8 25. b4 Bc3 26. Rxd7+ Kxd7 27. Rh1 h6 28. h4 Bf6 29. h5 Nd5 30. Kc2 Bd4 31. f3 Be5 32. Kd3 Bb2 33. a4 Nxb4+ 34. Kc4 a5 35. Rd1+ Kc7 36. Re1 Bf6 37. Re6 Nd5 38. Kc5 b6+ 39. Kc4 Kd7 40. Re2 Be7 41. Re1 Kd6 42. Re2 b5+ 43. axb5 cxb5+ 44. Kb3 a4+ 0-1

[Event "GER-ch U12"]
[Site "Willingen"]
[Date "2023.05.29"]
[Round "3"]
[White "Shevchenko, Igor1111"]
[Black "Lehmann, Anton"]
[Result "1-0"]
[WhiteElo "1432"]
[BlackElo "1285"]
[PlyCount "33"]
[EventDate "2023.05.27"]
[EventType "swiss"]
[EventRounds "9"]
[EventCountry "GER"]
[SourceTitle "CBM 214 Extra"]
[Source "ChessBase"]
[SourceDate "2023.07.31"]
[SourceVersion "1"]
[SourceVersionDate "2023.07.31"]
[SourceQuality "1"]

1. d4 d5 2. c4 e5 3. dxe5 d4 4. Nf3 Nc6 5. g3 Nge7 6. Bg2 Ng6 7. 0-0 Ngxe5 8. Nxe5 Nxe5 9. b3 h5 10. Bb2 c5 11. e3 Nc6 12. Bxc6+ bxc6 13. exd4 cxd4 14. Re1+ Be7 15. Bxd4 f6 16. Nc3 Bh3 17. Bc5 1-0